Let's Play Quidditch: Religion Quiz Stats

 Plays Quiz not verified by Sporcle

Support Sporcle.
Go Orange.
Score 0/150 Timer 05:00
1 Play Today
% Correct
Mythological
fishlike woman or
Hogwarts Black
Lake resident
100%
Other name
of the lycanthrope
or other form of
Remus Lupin
99.8%
Home of the
Greek gods and
origin of Madame
Maxime's name
96.6%
Mermaid
91.8%
Creature with a
human head and a
lion's body, likes to
speak in riddles
91.8%
Mythical beast,
half horse and half
eagle, friend of
Sirius Black
90.9%
Werewolf
90.2%
Multi-headed
dog that guards the
Underworld or the
Sorcerer's stone
90.2%
Only daughter of
Menelaus, king of
Sparta, and Helen
of Troy
89.6%
Mythical beast,
half horse and half
human, enemy of
Dolores Umbridge
89.5%
Large humanoid
being living in caves,
Internet forums or
girls' bathrooms
88.3%
Olympus
88%
Centaur
87.7%
Roman goddess
of wisdom, strategic
warfare, the arts and
Transfiguration
84.9%
Almost there !
Answering this question
will end the quiz
84.9%
Bludger incoming !
Answering this question
will penalize you
84.6%
Giant legendary
reptile, can kill
or petrify with a
single glance
84.4%
Troll
84.2%
Sphinx
82.5%
Winged serpent,
often breathes fire,
guards treasure or
golden eggs
82.5%
Bludger incoming !
Answering this question
will penalize you
82.5%
Small, ugly, tricky
creature, controls
wizard banks, can
also be a shark
82.4%
Basilisk
81.4%
Hippogriff
80.5%
Mythological
bird, will burst into
flames before rising
from the ashes
80.5%
Goblin
80.2%
Phoenix
80.1%
Cerberus
80%
Horned horse,
can be captured
by a virgin or a
Dark Lord
80%
Awch !
77.7%
Awch !
77.1%
Hermione
75.6%
Minerva
75.2%
CONGRATULATIONS!

You caught the
Golden Snitch and
won 150 points!

The last enemy that shall
be destroyed is death
75.2%
75.2%
75.2%
75.2%
75.2%
75.2%
75.2%
75.2%
75.2%
75.2%
75.2%
75.2%
75.2%
75.2%
75.2%
75.2%
75.2%
% Correct
75.2%
75.2%
75.2%
75.2%
75.2%
75.2%
75.2%
75.2%
75.2%
75.2%
75.2%
75.2%
75.2%
75.2%
75.2%
75.2%
75.2%
75.2%
75.2%
75.2%
75.2%
75.2%
75.2%
75.2%
75.2%
75.2%
75.2%
75.2%
75.2%
75.2%
75.2%
75.2%
75.2%
75.2%
75.2%
75.2%
75.2%
75.2%
75.2%
75.2%
75.2%
75.2%
75.2%
75.2%
75.2%
75.2%
75.2%
75.2%
75.2%
75.2%
% Correct
75.2%
75.2%
75.2%
75.2%
75.2%
75.2%
75.2%
75.2%
75.2%
75.2%
75.2%
75.2%
75.2%
75.2%
75.2%
75.2%
75.2%
75.2%
75.2%
75.2%
75.2%
75.2%
75.2%
75.2%
75.2%
75.2%
75.2%
75.2%
75.2%
75.2%
75.2%
75.2%
75.2%
75.2%
75.2%
75.2%
75.2%
75.2%
75.2%
75.2%
75.2%
75.2%
75.2%
75.2%
75.2%
75.2%
75.2%
75.2%
73.6%
68.4%

You're not logged in!

Compare scores with friends on all Sporcle quizzes.
OR
Log In

From the Vault

Literature Surnames A-Z

by BillyJoelRulez

Names like 'Chuzzlewit' and 'Scrooge' are the main reason Charles Dickens was so successful.
Remove Ads.
Support Sporcle.
Get the best of Sporcle when you Go Orange. This ad-free experience offers more features, more stats, and more fun while also helping to support Sporcle. Thank you for becoming a member.

Show Comments

Extras

Top Quizzes Today


Score Distribution

Your Account Isn't Verified!

In order to create a playlist on Sporcle, you need to verify the email address you used during registration. Go to your Sporcle Settings to finish the process.

Report this User

Report this user for behavior that violates our Community Guidelines.

Details: